000 00642 a2200181 4500
005 20110107121259.0
008 110107t xxu||||| |||| 00| 0 eng d
080 _a532
_bWEL
100 _aWelty, James R...[et.al]
_914273
245 _aFundamentals of momentum, heat and mass transfer
_cJames R.Welty...[et.al]
300 _axii,759p
653 _aFluid mechanics
_aHeat and mass transfer
942 _cBK
260 _aNew Delhi
_bWiley India
_c2009
_913241
250 _a4th ed.
020 _a9788126515264
952 _w2010-08-16
_p00064424
_r2011-11-22
_40
_00
_bUL
_10
_o532 WEL
_d2010-08-16
_70
_cGEN
_2udc
_yBK
_s2011-10-29
_l3
_aUL
999 _c67575
_d67574